College Football Teams in 1883 - Statistics

General Stats
  • This quiz has been taken 8 times
  • The average score is 7 of 26
Answer Stats
Answer % Correct
Harvard
86%
Michigan
86%
Princeton
86%
Yale
86%
Columbia
71%
Pennsylvania
71%
Dartmouth
29%
Minnesota
29%
New York
29%
Rutgers
29%
Amherst
14%
CCNY
14%
Columbian
14%
Fordham
14%
Lafayette
14%
Massachusetts
14%
Stevens Tech
14%
Wesleyan
14%
Carleton
0%
Gallaudet
0%
Georgetown
0%
Hamline
0%
Johns Hopkins
0%
Lewisburg
0%
Navy
0%
Williams
0%
No matching quizzes found
Score Distribution
Percent of People with Each Score
Percentile by Number Answered
Your Score History
You have not taken this quiz